Construcción y análisis de procesos de enseñanza: teoría e investigación
Saved in:
| Main Author: | |
|---|---|
| Format: | Book |
| Language: | Spanish |
| Published: |
Barcelona
Oikos Tau
1999
|
| Series: | Colección Práctica en Educación, 2
|
| Subjects: | |
| Tags: |
Add Tag
No Tags, Be the first to tag this record!
|
MARC
| LEADER | 00000nam a2200000 a 4500 | ||
|---|---|---|---|
| 001 | UCN8886 | ||
| 003 | CL-VaPUC | ||
| 008 | 011123e19990000SP |||||||||||||||||spa|d | ||
| 082 | 0 | 4 | |a 370.11 |b VIL |2 21 |
| 100 | 0 | |a Villar Angulo, Luis Miguel |e author |9 465458 | |
| 245 | 1 | 0 | |a Construcción y análisis de procesos de enseñanza: teoría e investigación |
| 300 | |a 362 p | ||
| 942 | |c BK | ||
| 945 | |d 20011123 00:00:00 |a vberengu | ||
| 260 | |a Barcelona |b Oikos Tau |c 1999 | ||
| 650 | 0 | |a Currículo |9 307290 | |
| 650 | 0 | |a Formación de docentes |9 329378 | |
| 650 | 7 | |a DESARROLLO DE LOS CURRICULOS |2 CL-VaPUC |9 338829 | |
| 650 | 0 | |a Métodos de enseñanza |9 270413 | |
| 650 | 0 | |a Tecnología |9 256742 | |
| 583 | |a last modification |c 20011123 00:00:00 |k Rodrigo Vera | ||
| 490 | 0 | |a Colección Práctica en Educación, 2 | |
| 999 | |c 298623 |d 298621 | ||
| 952 | |0 0 |1 0 |4 0 |6 370_110000000000000_VIL_1999 |7 0 |8 A |9 354341 |a BIBEDU |b BIBEDU |d 2019-11-21 |i 3775623 |o 370.11 VIL 1999 |p 3775623 |r 2019-11-21 |w 2019-11-21 |y BK |k EDU | ||
| 952 | |0 0 |1 0 |4 0 |6 370_110000000000000_VIL_1999 |7 0 |8 A |9 354342 |a BIBEDU |b BIBEDU |d 2019-11-21 |i 3775631 |o 370.11 VIL 1999 |p 3775631 |r 2019-11-21 |w 2019-11-21 |y BK |k EDU | ||